[Event "OMA-chT Clubs"]
[Site "Muscat"]
[Date "2022.08.27"]
[Round "2.4"]
[White "Al Jabri, Rashid"]
[Black "Al Farsi, Aziz"]
[Result "1-0"]
[WhiteElo "1619"]
[BlackElo "1389"]
[PlyCount "94"]
[EventDate "2022.08.26"]
[EventType "team-swiss"]
[EventRounds "9"]
[EventCountry "OMN"]
[SourceTitle "EXT 2023"]
[Source "ChessBase"]
[SourceDate "2022.10.05"]
[SourceVersion "1"]
[SourceVersionDate "2022.10.05"]
[SourceQuality "1"]
[WhiteTeam "Majees Blue"]
[BlackTeam "Ibri"]
[WhiteTeamCountry "OMN"]
[BlackTeamCountry "OMN"]

1. e4 c5 2. Nf3 d6 3. d4 cxd4 4. Nxd4 Nf6 5. Nc3 a6 6. Bc4 e6 7. Bg5 Be7 8. Qd2 Nxe4 9. Nxe4 Bxg5 10. Nxg5 d5 11. Bb3 h6 12. Ngf3 Bd7 13. 0-0 0-0 14. Rad1 Nc6 15. Rfe1 Na5 16. Ne5 Nxb3 17. Nxb3 Rc8 18. Nxd7 Qxd7 19. Nd4 Rc7 20. c3 Rfc8 21. Qe3 Rc4 22. f4 Re8 23. Qe5 f6 24. Qh5 Re7 25. Qg6 Qd6 26. g3 b5 27. Re3 Rc8 28. Rde1 Rce8 29. Qd3 Kf7 30. Qe2 g6 31. b4 e5 32. fxe5 Rxe5 33. Rxe5 Qxe5 34. Qxe5 fxe5 35. Nf3 Kf6 36. Kf2 e4 37. Nd4 Rc8 38. Rc1 Ke5 39. Ke3 h5 40. h4 Rc7 41. Ne2 Rf7 42. Nf4 g5 43. hxg5 Rf5 44. Rd1 Kd6 45. g6 Rg5 46. Rxd5+ Rxd5 47. Nxd5 Kxd5 1-0

[Event "OMA-chT"]
[Site "Muscat"]
[Date "2019.02.09"]
[Round "9.9"]
[White "Al Jabri, Rashid"]
[Black "Al Kathiri, Musallam Mustahil"]
[Result "1-0"]
[WhiteElo "1594"]
[BlackElo "1599"]
[PlyCount "51"]
[EventDate "2019.02.02"]
[EventType "team-swiss"]
[EventRounds "9"]
[EventCountry "OMN"]
[SourceTitle "CBM 189 Extra"]
[Source "ChessBase"]
[SourceDate "2019.06.03"]
[SourceVersion "1"]
[SourceVersionDate "2019.06.03"]
[SourceQuality "1"]

1. e4 e5 2. Nf3 Nc6 3. Bc4 h6 4. 0-0 Nf6 5. d4 Bd6 6. dxe5 Nxe5 7. Nxe5 Bxe5 8. f4 Bd6 9. e5 Bc5+ 10. Kh1 Nh7 11. Nc3 0-0 12. f5 Qh4 13. Bd3 f6 14. Rf4 Qg5 15. Rg4 Be7 16. Rxg5 fxg5 17. Qh5 b6 18. f6 Bxf6 19. exf6 Rxf6 20. Be3 Bb7 21. Bd4 Rd6 22. Nb5 Nf6 23. Qg6 Rc6 24. Be4 Rf8 25. Bxc6 Bxc6 26. Nc3 1-0

[Event "Muscat rapid 3rd"]
[Site "Muscat"]
[Date "2019.02.01"]
[Round "6"]
[White "Al Jabri, Rashid"]
[Black "Al Kathiri, Musallam Mustahil"]
[Result "0-1"]
[WhiteElo "1594"]
[BlackElo "1599"]
[PlyCount "126"]
[EventDate "2019.01.31"]
[EventType "swiss (rapid)"]
[EventRounds "9"]
[EventCountry "OMN"]
[SourceTitle "EXT 2020"]
[Source "ChessBase"]
[SourceDate "2019.10.17"]
[SourceVersion "1"]
[SourceVersionDate "2019.10.17"]
[SourceQuality "1"]

1. e4 b6 2. d4 Bb7 3. Nc3 g6 4. Nf3 Bg7 5. Bc4 e6 6. 0-0 Ne7 7. d5 0-0 8. Bg5 f6 9. Be3 Ba6 10. Bxa6 Nxa6 11. Qd2 Nc5 12. Rad1 a5 13. Qe2 Qe8 14. Qc4 Qf7 15. Nb5 exd5 16. exd5 c6 17. Nd6 cxd5 18. Qxc5 bxc5 19. Nxf7 Rxf7 20. Bxc5 Rc8 21. Bxe7 Rxe7 22. Nd4 f5 23. c3 Rc4 24. g3 Kf7 25. Kg2 a4 26. Nf3 a3 27. bxa3 Rxc3 28. Rxd5 Rxa3 29. Ng5+ Kg8 30. Rd2 h6 31. Nf3 Kf8 32. Rb1 Ke8 33. Rb6 g5 34. h4 g4 35. Ng1 h5 36. Ne2 Ra7 37. Nf4 Bc3 38. Rc2 Bd4 39. Rb4 Be5 40. Ng6 Re6 41. Nxe5 Rxe5 42. a4 Ke7 43. Ra2 Ke6 44. Rb6+ d6 45. Rb4 Re4 46. Rxe4+ fxe4 47. a5 Ke5 48. Kf1 Kd4 49. Ke2 d5 50. a6 Kc5 51. Ke3 Kc4 52. Kf4 Kd3 53. Ra3+ Ke2 54. Ke5 Kxf2 55. Kxd5 e3 56. Kd4 e2 57. Ra2 Kf1 58. Ra1+ e1Q 59. Rxe1+ Kxe1 60. Ke5 Rxa6 61. Kf5 Ra5+ 62. Kg6 Kf2 63. Kf6 Kxg3 0-1